000 00720nam a2200253 i 4500
001 bgj
245 1 0 _aBasis :
_bJahrbuch für deutsche Gegenwartsliteratur.
_chrsg. von Reinhold Grimm und Jost Hermand.
_nBd. 7 /
260 _aFrankfurt am Main :
_bSuhrkamp,
_c1977.
300 _a240, [1] s. ;
_c18 cm.
490 1 _aSuhrkamp Taschenbuch
_v420
504 _aBibliogr. s. 225-[241].
650 9 _aLiteratura niemiecka
700 1 _aGRIMM, Reinhold.
700 1 _aHERMAND, Jost.
830 _aSuhrkamp Taschenbuch
020 _a3518069209
040 _cBPK
041 0 _ager
044 _aDEU
080 _a821.112.2
920 _a3-518-06920-9
942 _cKS
008 s gw f |000 0 ger
999 _c50268
_d50268
856 _uhttp://koha.tu.koszalin.pl/cgi-bin/koha/opac-detail.pl?biblionumber=50268
_yKatalog online BPK